000 00809cam a2200265 a 4500
001 16011980
003 OSt
005 20230602113211.0
008 091208s2009 ke 000 0 eng
010 _a 2009333727
020 _a9966956662
040 _aDLC
_cDLC
042 _alcode
043 _af-ke---
082 _a338.09
_bMIK
100 1 _aEldon, Mike,
_d1945-
245 1 0 _aKenyans, yes we can! /
_cMike Eldon.
260 _aNairobi, Kenya :
_bJacaranda Designs,
_cc2009.
300 _aix, 238 p. ;
_c25 cm.
650 0 _aEconomic development
_zKenya.
651 0 _aKenya
_xEconomic conditions.
906 _a7
_bcbc
_corigode
_d2
_encip
_f20
_gy-gencatlg
942 _2ddc
_cBK
999 _c103
_d103